Producción de hortalizas en invernáculo : evaluación económica :
Guardado en:
| Autor Principal: | |
|---|---|
| Otros Autores: | |
| Formato: | Libro |
| Publicado: |
Buenos Aires :
Inta,
1993
|
| Materias: | |
| Etiquetas: |
Agregar Etiqueta
Sin Etiquetas, Sea el primero en etiquetar este registro!
|
| LEADER | 00755nam a22002055a 4500 | ||
|---|---|---|---|
| 001 | CEM.cems018095 | ||
| 005 | 20131024122241.0 | ||
| 008 | 130507s1993##################000#0#####d | ||
| 003 | CEMS | ||
| 082 | 0 | 4 | |a FC635.9 |
| 100 | 1 | |a Glaria, Juan José | |
| 245 | 1 | 0 | |a Producción de hortalizas en invernáculo : |b evaluación económica : |c Juan José Glaria ; coordinado Por Norma Lidia Carosio |
| 260 | |a Buenos Aires : |b Inta, |c 1993 | ||
| 300 | |a 19 p. | ||
| 500 | |a Proyecto de capacitación a Distancia sobre producción de hortalizas en invernáculo | ||
| 505 | 0 | |a Margen bruto -- Metodología del cálculo | |
| 653 | |a Hortalizas | ||
| 653 | |a Invernáculo | ||
| 700 | 1 | |a Carosio, Norma Lidia | |
| 859 | |a CEMS |b BIB. CEMS - Agricultura |h FC635.9 |i G459 |p A0006.44 |t Ej.1 |v 6 |3 6 | ||
